FC Barcelona - Sponsorzy na koszulkach w XXI w. - Statystyki

Ogólne statystyki
  • Ten quiz został rozwiązany 121 razy
  • Średni wynik to 3 z 5
Statystyki odpowiedzi
Lata Sponsor % Poprawnych
2022- Spotify
96%
2006-2011 UNICEF
75%
2017-2022 Rakuten
68%
2013-2017 Qatar Airways
54%
2011-2013 Qatar Foundation
26%
Nie znaleziono quizów pasujących do podanych kryteriów
Rozkład punktacji
Procent ludzi z każdym wynikiem
Percentyl według liczby udzielonych odpowiedzi
Twoja historia wyników
Nie rozwiązałeś tego quizu